00441nam a22001457a 4500020001800000082001500018100002400033245002700057260003400084300001600118650003000134942000700164999001900171952010500190 a9789692316927 a954.92 JUN aJunaid Ahmed969793 aBangladesh ki takhleeq aPakistanbAJA Publisherc2018 axviii,540 P aFasany aur Haqqaqu969794 cBK c576915d576915 001040708NFICaCEMEbCEMEcGENd2019-11-07l0o954.92 JUNpCEME-49341r2021-06-28w2021-06-28yBK